=LDR 00000nam 2200000 4500 =001 INLIS000000000017476 =005 20130612112702 =008 ***********************************Ind** =035 ##$$0010-061300000017476 =041 ##$$a Ind =082 ##$$a 612.311 =090 ##$$a 612.311, Mcd a =100 ##$$a Mcdevitt, W.E =245 ##$$a Anatomi fungsional dari sistem pengunyahan, W.E Mcdevitt ; alih bahasa, drg Ira Karniasari ; editor, drg Lilian Yuwono =260 ##$$a 2001 $b Jakarta =300 ##$$a viii, 134 hlm, ilus, 24 cm =650 ##$$a Pengunyahan =700 ##$$a Karniasari, Ira =850 ##$$a NBPNMAT